000 00531nam a22002057a 4500
003 OSt
005 20251113161012.0
008 251113b |||||||| |||| 00| 0 eng d
020 _a9789581501380
037 _bDonación
040 _aCO-JMCR
_bspa
_cCO-JMCR
_dCO-JMCR
_erda
041 0 _aspa
082 0 4 _a641.5
_bC75c
245 _aConocimeinto y sabor /
300 _a175 páginas :
_bIlustracions ;
_c31 cm.
650 7 _aCocina
_xrecetas
_944431
650 7 _aCocina
_9982
650 7 _aGastronomía
_9983
942 _2ddc
_cBK
999 _c31112
_d17496